Welcome to the Holygrace Academy Library

Please use search bar below to get started

BIG MONEY (Record no. 5055)

MARC details
000 -LEADER
fixed length control field 00579nam a22001457a 4500
020 ## - INTERNATIONAL STANDARD BOOK NUMBER
ISBN 978-0-099-51422-0
082 ## - DEWEY DECIMAL CLASSIFICATION NUMBER
Classification number 823
Item number WOD/B
100 ## - MAIN ENTRY--AUTHOR NAME
Personal name WODEHOUSE
245 ## - TITLE STATEMENT
Title BIG MONEY
260 ## - PUBLICATION, DISTRIBUTION, ETC. (IMPRINT)
Place of publication LONDON
Name of publisher ARROW BOOKS
Year of publication 2008
300 ## - PHYSICAL DESCRIPTION
Number of Pages 295
520 ## - SUMMARY, ETC.
Summary, etc Big Money has many of the elements of a great Wodehouse novel: criss-crossed romance, misunderstandings, unfortunate familial relations, and deceptive double-crossings. It's a lot of fun, even if the plot is, at times, a bit uneven (and the ending could have been much better).
650 ## - SUBJECT ADDED ENTRY--TOPICAL TERM
Topical Term NOVEL
Geographic subdivision UNITED KINGDOM
942 ## - ADDED ENTRY ELEMENTS (KOHA)
Koha item type Books
Holdings
Withdrawn status Lost status Collection code Home library Current library Shelving location Date acquired Source of acquisition Full call number Accession Number Koha item type
    Fiction Main Library Main Library SHELF 15B-U,V,W SECTION NOVELS& FICTION 17/06/2011 purchase 823 WOD/B 05369 Books